Kultspiele der Germanen als Ursprung des mittelalterlichen Dramas /

Main Author: Stumpfl, Robert
Language: German
Published: Berlin : Junker und Dünnhaupt, 1936
Physical Description: xiv, 448 s. : il. ; 8°
Book
Saved in:
LEADER 00749cam a22002172a 4500
001 001907141
003 CZ BrMZK
005 20240905080749.0
007 ta
008 240905s1936 gw a er|||||||||||ger d
040 |a ABD001  |b cze  |d BOA001  |e aacr2 
072 7 |a 821.112.2  |x Německá literatura, německy psaná  |2 Konspekt  |9 25 
100 1 |a Stumpfl, Robert  |4 aut 
245 1 0 |a Kultspiele der Germanen als Ursprung des mittelalterlichen Dramas /  |c von Robert Stumpfl 
260 |a Berlin :  |b Junker und Dünnhaupt,  |c 1936 
300 |a xiv, 448 s. :  |b il. ;  |c 8° 
504 |a Obsahuje bibliografii 
910 |a BOA001  |b 2-0180.221 
990 |a BK 
991 |b 202409 
996 7 |b 2618780291  |c 2-0180.221  |l MZK  |r Sklad / do 24 hodin  |n 0  |w 001976054  |u 000010  |a 1  |e BOA001  |j MZK50  |s A